[Event "4NCL/Div2/WWKS1 vs. RICA"]
[Site "Birmingham ENG"]
[Date "2006.04.29"]
[Round "9.5"]
[White "Shephard, Chris C W"]
[Black "Franklin, Michael J"]
[Result "1/2-1/2"]
[WhiteElo "2195"]
[BlackElo "2231"]
[PlyCount "74"]
[EventDate "2006.04.29"]
[EventType "team"]
[EventRounds "11"]
[EventCountry "ENG"]
[SourceDate "2006.04.29"]
[WhiteTeam "Warks Select 1"]
[BlackTeam "Richmond A"]

1. c4 Nf6 2. Nc3 e5 3. Nf3 d6 4. d4 Nbd7 5. e4 c6 6. Be2 Be7 7. O-O O-O 8. Re1
Re8 9. Bf1 Qc7 10. b3 Nf8 11. h3 Ng6 12. Bb2 Bf8 13. Qd2 Bd7 14. Rad1 Rad8 15.
Qc1 a6 16. a4 Qb8 17. Qa1 Nh5 18. Rd2 f6 19. Qd1 Nhf4 20. dxe5 fxe5 21. Ba3 Be6
22. Ne2 Be7 23. Nxf4 Nxf4 24. Kh2 Bf7 25. g3 Ne6 26. Ng1 Bg6 27. h4 Nd4 28. Bb2
c5 29. Bxd4 cxd4 30. Nh3 Rf8 31. Qg4 Qc8 32. Qxc8 Rxc8 33. f4 Bd8 34. Rd3 Ba5
35. Re2 Bh5 36. Ra2 h6 37. Be2 Bf7 1/2-1/2

[Event "4NCL/Div2/WWKS1 vs. RICA"]
[Site "Birmingham ENG"]
[Date "2006.04.29"]
[Round "9.6"]
[White "Simmons, Matthew"]
[Black "Pitcher, John"]
[Result "0-1"]
[WhiteElo "2060"]
[BlackElo "2183"]
[PlyCount "86"]
[EventDate "2006.04.29"]
[EventType "team"]
[EventRounds "11"]
[EventCountry "ENG"]
[SourceDate "2006.04.29"]
[WhiteTeam "Richmond A"]
[BlackTeam "Warks Select 1"]

1. e4 c5 2. Nc3 Nc6 3. Bb5 Nd4 4. Bc4 e6 5. Nf3 Nf6 6. O-O a6 7. a4 d6 8. d3
Nc6 9. d4 cxd4 10. Nxd4 Bd7 11. Bg5 Be7 12. Bb3 O-O 13. Be3 Rc8 14. h3 Na5 15.
Ba2 Nc4 16. Bc1 Qb6 17. b3 Ne5 18. Bb2 Qc5 19. Re1 Nc6 20. Nde2 b5 21. axb5
axb5 22. Bb1 Ra8 23. Rxa8 Rxa8 24. Nf4 Ne5 25. Nd3 Qb6 26. Qd2 Nc6 27. Qf4 Qb7
28. Nd1 e5 29. Qe3 b4 30. f4 Bd8 31. Kh1 Qb5 32. fxe5 dxe5 33. Qg3 Bc7 34. Qh4
Be6 35. Ne3 Rd8 36. Nd5 Bxd5 37. exd5 Qxd5 38. Bc1 e4 39. Nf4 Qe5 40. Rf1 e3
41. Qe1 Nd5 42. g3 Nxf4 43. gxf4 Qe4+ 0-1

[Event "4NCL/Div2/WWKS1 vs. RICA"]
[Site "Birmingham ENG"]
[Date "2006.04.29"]
[Round "9.7"]
[White "Fishburne, Stewart K"]
[Black "Wilson, Alexandra"]
[Result "1-0"]
[WhiteElo "2170"]
[BlackElo "2099"]
[PlyCount "49"]
[EventDate "2006.04.29"]
[EventType "team"]
[EventRounds "11"]
[EventCountry "ENG"]
[SourceDate "2006.04.29"]
[WhiteTeam "Warks Select 1"]
[BlackTeam "Richmond A"]

1. e4 e6 2. d4 d5 3. Nc3 Nf6 4. e5 Nfd7 5. f4 Be7 6. Nf3 c5 7. Be3 Nc6 8. Qd2
a6 9. dxc5 Bxc5 10. O-O-O b5 11. Bxc5 Nxc5 12. Nd4 Bd7 13. Nxc6 Bxc6 14. Qf2
Qb6 15. Qg3 O-O 16. Bd3 f5 17. exf6 Rxf6 18. Rhe1 Qa5 19. Kb1 Qb4 20. f5 exf5
21. a3 Qa5 22. Re7 Rg6 23. Qe5 Nd7 24. Rxd7 Bxd7 25. Qxd5+ 1-0

[Event "4NCL/Div2/WWKS1 vs. RICA"]
[Site "Birmingham ENG"]
[Date "2006.04.29"]
[Round "9.8"]
[White "Mitchem, Nicholas D"]
[Black "Chevannes, Sabrina"]
[Result "1/2-1/2"]
[WhiteElo "2060"]
[BlackElo "2080"]
[PlyCount "55"]
[EventDate "2006.04.29"]
[EventType "team"]
[EventRounds "11"]
[EventCountry "ENG"]
[SourceDate "2006.04.29"]
[WhiteTeam "Richmond A"]
[BlackTeam "Warks Select 1"]

1. e4 c6 2. d4 d5 3. e5 c5 4. c3 Nc6 5. Nf3 Bg4 6. Bb5 e6 7. O-O cxd4 8. cxd4
Qb6 9. Qb3 Bxf3 10. gxf3 Nge7 11. Be3 Nf5 12. Rc1 Rc8 13. Nd2 Be7 14. Rc2 O-O
15. Bxc6 Rxc6 16. Qxb6 Rxb6 17. f4 Rb4 18. Nf3 Bd8 19. a3 Rb3 20. Re1 Bb6 21.
Ree2 Rd3 22. Rcd2 Rxd2 23. Rxd2 Rc8 24. Kf1 Rc1+ 25. Ke2 Ba5 26. b4 Bb6 27. Rd1
Rc4 28. Kd3 1/2-1/2